Wonder of Christmas (The) (Record n. 99291)

Dettagli MARC
000 -LEADER
fixed length control field 04223njm a2200589Ia 4500
001 - CONTROL NUMBER
control field F2546
003 - CONTROL NUMBER IDENTIFIER
control field IT-RoPAU
005 - DATE AND TIME OF LATEST TRANSACTION
control field 20220918181115.0
008 - FIXED-LENGTH DATA ELEMENTS--GENERAL INFORMATION
fixed length control field 131025s9999 xx 000 0 und d
040 ## - CATALOGING SOURCE
Original cataloging agency IT-RoPAU
040 ## - CATALOGING SOURCE
Transcribing agency IT-RoPAU
999 ## - SYSTEM CONTROL NUMBERS (KOHA)
Koha Dewey Subclass [OBSOLETE] n.d.
100 ## - MAIN ENTRY--PERSONAL NAME
Personal name AA.VV.
9 (RLIN) 794
100 ## - MAIN ENTRY--PERSONAL NAME
Relator term Autore musica
9 (RLIN) 32581
100 ## - MAIN ENTRY--PERSONAL NAME
Miscellaneous information Codice autore musica SPICS: 12000
9 (RLIN) 796
245 ## - TITLE STATEMENT
Title Wonder of Christmas (The)
250 ## - EDITION STATEMENT
Edition statement 1a ed.
260 ## - PUBLICATION, DISTRIBUTION, ETC. (IMPRINT)
Place of publication, distribution, etc. BOSTON
260 ## - PUBLICATION, DISTRIBUTION, ETC. (IMPRINT)
Name of publisher, distributor, etc. DAUGHTERS OF ST. PAUL
Date of publication, distribution, etc. 1988 [1a Ed.:1988 - Ed. Lingua Orig.: 1988]
300 ## - PHYSICAL DESCRIPTION
Extent COMPACT DISC
300 ## - PHYSICAL DESCRIPTION
Dimensions 40 minuti (Testo: 0 pag.)
500 ## - GENERAL NOTE
General note Musica religiosa, natalizia. Testi delle canzoni.
505 ## - FORMATTED CONTENTS NOTE
Formatted contents note Carol of the Bells (3:00) - O Come, All Ye Faithful (5:00) - Hush, the Baby Is Sleeping (3:00) - Once In Royal David's City (4:00) - I Saw Three Ships (2:00) - Break Forth, O Beauteous Heavenly Light (3:00) - Caroling, Caroling (2:00) - Go Tell It On the Mountain (3:00) - Angels We Have Heard On High (3:00) - O Little Town of Bethlehem (4:00) - Do You Hear What I Hear? (3:00) - In the Bleak Midwinter (4:00) - Bethlehem's Poor Child (3:00) - Joy To the World (2:00) - Silent Night (4:00)
511 ## - PARTICIPANT OR PERFORMER NOTE
Participant or performer note Solista: John Darrenkamp, baritono
511 ## - PARTICIPANT OR PERFORMER NOTE
Participant or performer note Darrenkamp Julia Mary Fsp: solista
650 ## - SUBJECT ADDED ENTRY--TOPICAL TERM
Topical term or geographic name as entry element RELIGIOSA [COMPACT DISC]
Relator term Codice MATERIA SPICS: 9949
9 (RLIN) 32582
700 ## - ADDED ENTRY--PERSONAL NAME
Personal name Daughters Of St.Paul
Miscellaneous information Codice interprete SPICS: 7531
Relator term Interprete
9 (RLIN) 32583
700 ## - ADDED ENTRY--PERSONAL NAME
Personal name Leontovich M.
Miscellaneous information Codice autore musica SPICS: 51047
Relator term Autore musica
Name of part/section of a work Carol of the Bells
9 (RLIN) 32584
700 ## - ADDED ENTRY--PERSONAL NAME
Personal name Wilhousky Peter
Miscellaneous information Codice autore testo/musica SPICS: 51048
Relator term Autore testo/musica
Name of part/section of a work Carol of the Bells
9 (RLIN) 32585
700 ## - ADDED ENTRY--PERSONAL NAME
Personal name Wade J.F.
Miscellaneous information Codice autore musica SPICS: 51049
Relator term Autore musica
Name of part/section of a work O Come, All Ye Faithful
9 (RLIN) 32586
700 ## - ADDED ENTRY--PERSONAL NAME
Personal name Oakeley Tr.F.
Miscellaneous information Codice autore testo/musica SPICS: 51050
Relator term Autore testo/musica
Name of part/section of a work O Come, All Ye Faithful
9 (RLIN) 32587
700 ## - ADDED ENTRY--PERSONAL NAME
Personal name Kaiser Kurt
Miscellaneous information Codice autore musica SPICS: 51051
Relator term Autore musica
Name of part/section of a work Hush, the Baby Is Sleeping
9 (RLIN) 32588
700 ## - ADDED ENTRY--PERSONAL NAME
Personal name Harris Deborah
Miscellaneous information Codice autore testo/musica SPICS: 51052
Relator term Autore testo/musica
Name of part/section of a work Hush, the Baby Is Sleeping
9 (RLIN) 32589
700 ## - ADDED ENTRY--PERSONAL NAME
Personal name Gaunllett Henry
Miscellaneous information Codice autore musica SPICS: 51053
Relator term Autore musica
Name of part/section of a work Once In Royal David's City
9 (RLIN) 32590
700 ## - ADDED ENTRY--PERSONAL NAME
Personal name Alexander Cecil
Miscellaneous information Codice autore testo/musica SPICS: 51054
Relator term Autore testo/musica
Name of part/section of a work Once In Royal David's City
9 (RLIN) 32591
700 ## - ADDED ENTRY--PERSONAL NAME
Personal name Anonimo
Miscellaneous information Codice autore musica SPICS: 2620
Relator term Autore musica
Name of part/section of a work I Saw Three Ships - Go Tell It On the Mountain - Angels We Have Heard On High - O Little Town of Bethlehem
9 (RLIN) 32592
700 ## - ADDED ENTRY--PERSONAL NAME
Personal name Bach Johann Sebastian
Miscellaneous information Codice autore musica SPICS: 9695
Relator term Autore musica
Name of part/section of a work Break Forth, O Beauteous Heavenly Light
9 (RLIN) 32593
700 ## - ADDED ENTRY--PERSONAL NAME
Personal name Burt Alfred
Miscellaneous information Codice autore musica SPICS: 51055
Relator term Autore musica
9 (RLIN) 32594
700 ## - ADDED ENTRY--PERSONAL NAME
Personal name Hutson Wihla
Miscellaneous information Codice autore testo/musica SPICS: 51056
Relator term Autore testo/musica
Name of part/section of a work Caroling, Caroling
9 (RLIN) 32595
700 ## - ADDED ENTRY--PERSONAL NAME
Personal name Brooks Phillips
Miscellaneous information Codice autore testo/musica SPICS: 51057
Relator term Autore testo/musica
Name of part/section of a work O Little Town of Bethlehem
9 (RLIN) 32596
700 ## - ADDED ENTRY--PERSONAL NAME
Personal name Regney Noel
Miscellaneous information Codice autore musica SPICS: 51058
Relator term Autore musica
Name of part/section of a work Do You Hear What I Hear?
9 (RLIN) 32597
700 ## - ADDED ENTRY--PERSONAL NAME
Personal name Shayne Gloria
Miscellaneous information Codice autore testo/musica SPICS: 51059
Relator term Autore testo/musica
Name of part/section of a work Do You Hear What I Hear?
9 (RLIN) 32598
700 ## - ADDED ENTRY--PERSONAL NAME
Personal name Darke Harold
Miscellaneous information Codice autore musica SPICS: 51060
Relator term Autore musica
Name of part/section of a work In the Bleak Midwinter
9 (RLIN) 32599
700 ## - ADDED ENTRY--PERSONAL NAME
Personal name Rossetti Cristina
Miscellaneous information Codice autore testo/musica SPICS: 39325
Relator term Autore testo/musica
Name of part/section of a work In the Bleak Midwinter
9 (RLIN) 32600
700 ## - ADDED ENTRY--PERSONAL NAME
Personal name Figurant Janet Peter Fsp
Miscellaneous information Codice autore musica SPICS: 51062
Relator term Autore musica
Name of part/section of a work Bethlehem's Poor Child
9 (RLIN) 32601
700 ## - ADDED ENTRY--PERSONAL NAME
Personal name Wright Melissa
Miscellaneous information Codice autore testo/musica SPICS: 51063
Relator term Autore testo/musica
Name of part/section of a work Bethlehem's Poor Child
9 (RLIN) 32602
700 ## - ADDED ENTRY--PERSONAL NAME
Personal name Handel Georg Friedrich
Miscellaneous information Codice autore musica SPICS: 5619
Relator term Autore musica
Name of part/section of a work Joy To the World
9 (RLIN) 32603
700 ## - ADDED ENTRY--PERSONAL NAME
Personal name Watts Isaac
Miscellaneous information Codice autore testo/musica SPICS: 51064
Relator term Autore testo/musica
Name of part/section of a work Joy To the World
9 (RLIN) 32604
700 ## - ADDED ENTRY--PERSONAL NAME
Personal name Gruber Franz
Miscellaneous information Codice autore musica SPICS: 10935
Relator term Autore musica
Name of part/section of a work Silent Night
9 (RLIN) 808
700 ## - ADDED ENTRY--PERSONAL NAME
Personal name Mohr
Miscellaneous information Codice autore testo/musica SPICS: 27312
Relator term Autore testo/musica
Name of part/section of a work Silent Night
9 (RLIN) 32605
942 ## - ADDED ENTRY ELEMENTS (KOHA)
Koha item type CD AUDIO
Source of classification or shelving scheme Dewey Decimal Classification
Dati di copia
Withdrawn status Lost status Damaged status Not for loan Home library Current library Date acquired Total Checkouts Full call number Date last seen Price effective from Koha item type Public note
    Buone Condizioni Not For Loan SPICS-MEDIATECA SPICS-MEDIATECA 25/10/2013   F2546 25/10/2013 25/10/2013 CD AUDIO Progr. Ins.: 22525 / N.Vol.: 1 / Copie: 1 - Copia rara: n.d. / date import: 01.01.2014 - By Epidotti, Trombetti, Vaglietti
CREDITS: SOCIETA' SAN PAOLO Via A.Severo, 58 - ROMA (RM) & PERIODICI SAN PAOLO SRL Via Giotto, 36 MILANO & CISF Via Giotto, 36 MILANO & EDIZIONI SAN PAOLO SRL,  Piazza Soncino, 5 CINISELLO BALSAMO (MI) -- ITALY